Opening doors (Record no. 76495)

MARC details
000 -LEADER
fixed length control field 01232cab a2200205 4500
001 - CONTROL NUMBER
control field ##L132562
008 - FIXED-LENGTH DATA ELEMENTS--GENERAL INFORMATION
fixed length control field 060217n2006 000 0 eng u
035 ## - SYSTEM CONTROL NUMBER
System control number (Sirsi) u132562
041 0# - LANGUAGE CODE
Language code of text/sound track or separate title eng
100 1# - MAIN ENTRY--PERSONAL NAME
Personal name Smulian, Mark
245 00 - TITLE STATEMENT
Title Opening doors
260 ## - PUBLICATION, DISTRIBUTION, ETC.
Date of publication, distribution, etc. 2006
490 #0 - SERIES STATEMENT
Series statement Law Society's Gazette
Volume/sequential designation 103( 06) 9 February 2006, 18-19(2)
520 ## - SUMMARY, ETC.
Summary, etc. Looks at the solicitor-as-estate agent concept pioneered in Scotland by the Edinburgh Solicitors Property Centre (ESPC) as it spreads south of the border. ESPC acts a one-stop shop offering estate agency, conveyancing and financial services advice. Although the English version of ESPC, Solicitors Property Shop, has since its launch in 1998 made slower and less successful progress than expected, suggests that the concept will gain in popularity as solicitors gear themselves up to the launch of compulsory Home Information Packs (HIPs) in July 2007. Details the problematic aspects of the concept. Notes however that the Law Society plans to market its own HIPs solution to solicitors.
590 ## - LOCAL NOTE (RLIN)
Local note IKA280206
650 24 - SUBJECT ADDED ENTRY--TOPICAL TERM
Topical term or geographic name entry element HOUSING ACT 2004
650 24 - SUBJECT ADDED ENTRY--TOPICAL TERM
Topical term or geographic name entry element HOME INFORMATION PACKS
690 ## - LOCAL SUBJECT ADDED ENTRY--TOPICAL TERM (OCLC, RLIN)
Topical term or geographic name as entry element PROPERTY-RESIDENTIAL PROPERTY-RESIDENTIAL PROPERTY AGENCY
942 ## - ADDED ENTRY ELEMENTS (KOHA)
Suppress in OPAC 0
Holdings
Withdrawn status Lost status Source of classification or shelving scheme Damaged status Not for loan Home library Current library Shelving location Date acquired Total Checkouts Full call number Barcode Date last seen Copy number Price effective from Koha item type
    Dewey Decimal Classification     London London Journal article 17/02/2006   L132562 132562-1001 06/08/2019 1 06/08/2019 Journal article